[Event "Landsturneringen 2009, Kadett"]
[Site "Bergen"]
[Date "2009.07.10"]
[Round "7"]
[White "Johansen, Stian"]
[Black "Guttulsrud, Odd Martin"]
[Result "0-1"]
[WhiteElo "1784"]
[BlackElo "1998"]
[PlyCount "115"]
[EventDate "2009.07.??"]
[EventType "swiss"]
[EventRounds "9"]
[EventCountry "NOR"]
[SourceDate "2009.07.06"]

1. e4 c5 2. Nf3 d6 3. d4 cxd4 4. Nxd4 Nf6 5. Nc3 a6 6. Bg5 e6 7. f4 Nbd7 8. Qf3
Qc7 9. O-O-O b5 10. g4 Bb7 11. Bd3 Be7 12. Rhg1 b4 13. Nce2 Nc5 14. Bxf6 gxf6
15. Kb1 d5 16. Ng3 dxe4 17. Nxe4 Rd8 18. Qe3 Nxd3 19. Rxd3 Bd5 20. g5 Qa5 21.
b3 fxg5 22. fxg5 Qc7 23. Rd2 Qe5 24. Rg4 Bxe4 25. Rxe4 Qxg5 26. Qe2 Bf6 27. Rg4
Qe5 28. Re4 Qc5 29. Nf3 Rxd2 30. Qxd2 Qc3 31. Qxc3 Bxc3 32. Rc4 Kd7 33. a3 a5
34. Rc5 Ra8 35. a4 f5 36. Rb5 Kd6 37. Kc1 Ra7 38. Kd1 e5 39. Ke2 f4 40. Ng5 Bd4
41. Nf3 Bc3 42. Ng5 Bd4 43. Nf3 Rc7 44. Nxd4 exd4 45. Rb6+ Ke5 46. Kd2 f3 47.
Rb8 Rc6 48. Rb5+ Ke4 49. Rxa5 Rxc2+ 50. Kxc2 f2 51. Ra8 f1=Q 52. Re8+ Kd5 53.
Rd8+ Kc5 54. Rc8+ Kb6 55. Rc4 d3+ 56. Kb2 Qe2+ 57. Ka1 d2 58. Rxb4+ 0-1

[Event "Landsturneringen 2009, Kadett"]
[Site "Bergen"]
[Date "2009.07.11"]
[Round "8"]
[White "Guttulsrud, Odd Martin"]
[Black "Botheim, Tor"]
[Result "1-0"]
[WhiteElo "1998"]
[BlackElo "1712"]
[PlyCount "99"]
[EventDate "2009.07.??"]
[EventType "swiss"]
[EventRounds "9"]
[EventCountry "NOR"]
[SourceDate "2009.07.06"]

1. e4 e5 2. Nf3 Nc6 3. Bb5 a6 4. Ba4 Nf6 5. O-O Be7 6. Re1 b5 7. Bb3 d6 8. c3
O-O 9. h3 Bb7 10. d4 Qd7 11. Nbd2 Rae8 12. Nf1 exd4 13. cxd4 Na5 14. Bc2 d5 15.
e5 Ne4 16. N3h2 f5 17. f3 Ng5 18. f4 Ne4 19. Nf3 Nc4 20. a3 Rc8 21. b3 Nb6 22.
Be3 h6 23. Bd3 b4 24. a4 a5 25. Rc1 Ra8 26. Qe2 Nc3 27. Qc2 c6 28. Kh2 Ne4 29.
N3d2 Qe6 30. Qd1 Ba6 31. Bxa6 Rxa6 32. Qe2 Ra7 33. Rc2 Rc8 34. Rec1 Kh7 35. g4
g6 36. gxf5 gxf5 37. Qh5 Rac7 38. Ng3 Rf8 39. Rg1 Nd7 40. Ndxe4 dxe4 41. Rcg2
Nb6 42. Nxf5 Bg5 43. fxg5 Rxf5 44. g6+ Kg8 45. Qxh6 Nd5 46. Qh4 Nxe3 47. g7
Ng4+ 48. Rxg4 Rf2+ 49. Qxf2 Rf7 50. Qh4 1-0

[Event "Landsturneringen 2009, Lilleputt"]
[Site "Bergen"]
[Date "2009.07.05"]
[Round "2"]
[White "Haug, Johannes"]
[Black "Fjeldheim, Egil Aarstad"]
[Result "1-0"]
[WhiteElo "1339"]
[BlackElo "1141"]
[PlyCount "59"]
[EventDate "2009.07.??"]
[EventType "swiss"]
[EventRounds "9"]
[EventCountry "NOR"]
[SourceDate "2009.07.06"]

1. e4 c5 2. d3 Nc6 3. g3 d5 4. Nd2 Nf6 5. Bg2 d4 6. Ngf3 Bg4 7. O-O e5 8. h3
Bxf3 9. Nxf3 Qd7 10. Qe2 O-O-O 11. Rd1 Bd6 12. c3 Rde8 13. Bd2 h6 14. cxd4 Nxd4
15. Nxd4 exd4 16. a3 g5 17. b4 b6 18. Rdc1 Kb8 19. bxc5 Bxc5 20. a4 Nd5 21. a5
Nc3 22. Bxc3 dxc3 23. axb6 axb6 24. e5 Qf5 25. Ra8+ Kc7 26. Ra7+ Kb8 27. Rb7+
Kc8 28. Ra1 Bxf2+ 29. Qxf2 Qxf2+ 30. Kxf2 1-0

[Event "Landsturneringen 2009, Lilleputt"]
[Site "Bergen"]
[Date "2009.07.06"]
[Round "3"]
[White "Bjørn, Lasse E"]
[Black "Andås, Kjetil"]
[Result "0-1"]
[WhiteElo "719"]
[BlackElo "928"]
[PlyCount "70"]
[EventDate "2009.07.??"]
[EventType "swiss"]
[EventRounds "9"]
[EventCountry "NOR"]
[SourceDate "2009.07.06"]

1. e4 c6 2. d4 d5 3. f3 g6 4. Nc3 dxe4 5. fxe4 Bg7 6. Nf3 Bg4 7. Be3 Bxf3 8.
gxf3 Nf6 9. Qd2 O-O 10. O-O-O e6 11. Bh6 Nbd7 12. Bh3 c5 13. Bxg7 Kxg7 14. Bg4
cxd4 15. Qxd4 Qb6 16. Qxb6 Nxb6 17. h4 Nc4 18. h5 Ne3 19. Rdg1 Nexg4 20. fxg4
Rad8 21. hxg6 hxg6 22. g5 Nd7 23. Rh2 Ne5 24. Rf1 Rh8 25. Rxh8 Kxh8 26. Ne2 Kg7
27. c3 Rd3 28. Rg1 Re3 29. Kd2 Rxe4 30. Nd4 Rxd4+ 31. cxd4 Nf3+ 32. Ke3 Nxg1
33. Ke4 Nh3 34. d5 exd5+ 35. Kxd5 Nxg5 0-1

[Event "Landsturneringen 2009, Lilleputt"]
[Site "Bergen"]
[Date "2009.07.06"]
[Round "3"]
[White "Eike, Mathias Brennhaugen"]
[Black "Taube, Gregor"]
[Result "0-1"]
[WhiteElo "1156"]
[BlackElo "1733"]
[PlyCount "30"]
[EventDate "2009.07.??"]
[EventType "swiss"]
[EventRounds "9"]
[EventCountry "NOR"]
[SourceDate "2009.07.06"]

1. e4 e5 2. Nf3 Nc6 3. Bc4 Bc5 4. Nc3 Nf6 5. d3 d6 6. Bg5 h6 7. Bh4 Na5 8. Bb3
Nxb3 9. axb3 O-O 10. Nd5 g5 11. Nxg5 Nxd5 12. Nf3 Ne7 13. Qd2 Kh7 14. Ng5+ hxg5
15. Qxg5 f6 0-1

[Event "Landsturneringen 2009, Lilleputt"]
[Site "Bergen"]
[Date "2009.07.06"]
[Round "3"]
[White "Jansen, Andreas"]
[Black "Machlik, Edit"]
[Result "1-0"]
[WhiteElo "1334"]
[BlackElo "902"]
[PlyCount "89"]
[EventDate "2009.07.??"]
[EventType "swiss"]
[EventRounds "9"]
[EventCountry "NOR"]
[SourceDate "2009.07.06"]

1. d4 d5 2. Nf3 Nf6 3. g3 Nc6 4. Bg2 Bg4 5. O-O e6 6. c4 dxc4 7. Qa4 Bd6 8.
Qxc4 O-O 9. Nc3 Rb8 10. e4 Bb4 11. Be3 Bxc3 12. bxc3 Nxe4 13. Ne5 Nd2 14. Bxd2
Nxe5 15. dxe5 Qxd2 16. Qxg4 Qxc3 17. Qe4 c5 18. Rfc1 Qa5 19. Qe3 b6 20. Qc3 Qa4
21. Qc4 Qa5 22. Rc2 Rbc8 23. a4 b5 24. Qc3 b4 25. Qb3 Rc7 26. Rd1 Rfc8 27. Bf1
a6 28. Rd6 Ra7 29. Rcd2 Raa8 30. Bc4 Ra7 31. Bxe6 Re7 32. Bxc8 Re8 33. Bxa6 c4
34. Bxc4 g6 35. Bxf7+ Kh8 36. Bxe8 Qxe5 37. Qb2 Qxb2 38. Rxb2 Kg7 39. h4 Kh6
40. g4 b3 41. Rxb3 Kg7 42. g5 h6 43. Rd7+ Kf8 44. Bxg6 hxg5 45. Rb8# 1-0

[Event "Landsturneringen 2009, Lilleputt"]
[Site "Bergen"]
[Date "2009.07.06"]
[Round "3"]
[White "Kjøita, Torgeir"]
[Black "Tari, Aryan"]
[Result "0-1"]
[WhiteElo "1498"]
[BlackElo "1798"]
[PlyCount "78"]
[EventDate "2009.07.??"]
[EventType "swiss"]
[EventRounds "9"]
[EventCountry "NOR"]
[SourceDate "2009.07.06"]

1. e4 c5 2. c3 d5 3. exd5 Qxd5 4. Nf3 Nf6 5. Bb5+ Nc6 6. O-O e6 7. d4 Be7 8.
Be3 cxd4 9. Bxc6+ bxc6 10. Nxd4 O-O 11. Nd2 Bb7 12. h3 c5 13. N4f3 Rfd8 14. Nb3
Qh5 15. Nfd2 Qg6 16. f3 Nd5 17. Qe2 Rac8 18. Ne4 h6 19. Nbxc5 Bxc5 20. Nxc5
Rxc5 21. Bxc5 Nf4 22. Rf2 Nxe2+ 23. Rxe2 Bxf3 24. Rf2 Rd1+ 25. Rxd1 Bxd1 26.
Bxa7 Qb1 27. a3 Bc2+ 28. Kh2 Qxb2 29. Bd4 Qb8+ 30. Kh1 Be4 31. Bc5 Qg3 32. Re2
Qxh3+ 33. Kg1 Qxc3 34. Bb4 Qd4+ 35. Kh2 f5 36. Rd2 Qe5+ 37. Kg1 Qg3 38. Rd8+
Kh7 39. Rd3 Qxg2# 0-1

[Event "Landsturneringen 2009, Lilleputt"]
[Site "Bergen"]
[Date "2009.07.06"]
[Round "3"]
[White "Liu, Bibek"]
[Black "Amarapala, Sherington"]
[Result "1-0"]
[WhiteElo "1011"]
[BlackElo "1148"]
[PlyCount "123"]
[EventDate "2009.07.??"]
[EventType "swiss"]
[EventRounds "9"]
[EventCountry "NOR"]
[SourceDate "2009.07.06"]

1. e4 e5 2. Nf3 Nc6 3. Bb5 a6 4. Ba4 b5 5. Bb3 Nf6 6. d3 Bc5 7. h3 h6 8. c3 d6
9. Qe2 O-O 10. Be3 Bxe3 11. Qxe3 Bb7 12. Nbd2 Qd7 13. O-O Ne7 14. Rfd1 Ng6 15.
Nf1 Rfe8 16. Ng3 c6 17. a3 d5 18. Nf5 Rad8 19. Rab1 Nf4 20. Kh1 Qc7 21. Ng3 c5
22. Bc2 d4 23. Qe1 a5 24. b3 b4 25. axb4 axb4 26. c4 Ra8 27. Ne2 Ne6 28. Ra1
Nh5 29. Rxa8 Rxa8 30. Ra1 Nhf4 31. Rxa8+ Bxa8 32. Qd1 f6 33. Nfg1 g5 34. Nxf4
Nxf4 35. Ne2 Ng6 36. Ng3 Nh4 37. Nf1 Qd7 38. Nh2 f5 39. f3 h5 40. g3 Ng6 41.
Qd2 fxe4 42. Qxg5 Kf7 43. fxe4 Qxh3 44. Bd1 Qe6 45. Qxh5 Bc6 46. Bg4 Qf6 47.
Bf5 Be8 48. Ng4 Qa6 49. Bxg6+ Ke7 50. Qxe5+ Kd7 51. Qxe8+ Kc7 52. Qe7+ Kb8 53.
Bf5 Ka8 54. Qe8+ Ka7 55. Qd7+ Ka8 56. Qc8+ Ka7 57. Qxa6+ Kb8 58. Qb5+ Kc7 59.
Qxc5+ Kb8 60. Bc8 Ka8 61. Qc6+ Kb8 62. Qb7# 1-0

[Event "Landsturneringen 2009, Lilleputt"]
[Site "Bergen"]
[Date "2009.07.08"]
[Round "4"]
[White "Andås, Kjetil"]
[Black "Jacobsen, Caroline Beer"]
[Result "1-0"]
[WhiteElo "928"]
[BlackElo "1034"]
[PlyCount "79"]
[EventDate "2009.07.??"]
[EventType "swiss"]
[EventRounds "9"]
[EventCountry "NOR"]
[SourceDate "2009.07.06"]

1. e4 e5 2. Nf3 Nc6 3. Bc4 Bc5 4. c3 d6 5. h3 h6 6. O-O Nf6 7. d4 Bb6 8. d5 Ne7
9. Bd3 O-O 10. c4 Nh7 11. Nc3 f5 12. exf5 Nxf5 13. Qc2 Ng5 14. Nxg5 hxg5 15.
Bxf5 Bxf5 16. Qe2 Qf6 17. Be3 Qg6 18. Bxb6 Bd3 19. Qg4 Bxf1 20. Bxc7 Rf4 21.
Qd7 Rf7 22. Qxd6 Qxd6 23. Bxd6 Bxc4 24. Bxe5 Rf5 25. Bg3 Bxd5 26. Rd1 Bc6 27.
a3 Re8 28. Kf1 Rf7 29. f3 Rfe7 30. Bf2 a6 31. Bc5 Re6 32. Kf2 Bb5 33. Ne4 Re5
34. Bb4 Kh7 35. Bc3 R5e6 36. Nxg5+ Kh6 37. Nxe6 Rxe6 38. Rd2 Re8 39. Rd6+ Kh7
40. Rd4 1-0

[Event "Landsturneringen 2009, Lilleputt"]
[Site "Bergen"]
[Date "2009.07.07"]
[Round "4"]
[White "Tari, Aryan"]
[Black "Friberg, Reid Erik"]
[Result "1-0"]
[WhiteElo "1798"]
[BlackElo "1438"]
[PlyCount "89"]
[EventDate "2009.07.??"]
[EventType "swiss"]
[EventRounds "9"]
[EventCountry "NOR"]
[SourceDate "2009.07.06"]

1. e4 c5 2. Nf3 g6 3. d4 cxd4 4. Nxd4 Bg7 5. Nc3 Nc6 6. Be3 Nf6 7. Be2 d6 8. f3
O-O 9. Qd2 Bd7 10. h4 h5 11. O-O-O Ne5 12. Bf4 Rc8 13. Bxe5 dxe5 14. Nb3 Kh7
15. Kb1 Bh6 16. Qe1 Qc7 17. Qg1 b5 18. Na1 a6 19. g4 Bf4 20. g5 b4 21. Nd5 Nxd5
22. exd5 a5 23. Qe1 Qc5 24. Bd3 a4 25. Rg1 Bh3 26. Qe2 Be3 27. Rg3 Bd7 28. f4
Bg4 29. Rxg4 hxg4 30. Qxg4 exf4 31. Qh5+ Kg7 32. Qh6+ Kg8 33. Bxg6 fxg6 34.
Qxg6+ Kh8 35. Qh6+ Kg8 36. g6 Rf7 37. gxf7+ Kxf7 38. Qe6+ Kf8 39. d6 exd6 40.
Rd5 Qc7 41. Rf5+ Kg7 42. Qf6+ Kg8 43. Rg5+ Kh7 44. Rh5+ Kg8 45. Rh8# 1-0

[Event "Landsturneringen 2009, Lilleputt"]
[Site "Bergen"]
[Date "2009.07.07"]
[Round "4"]
[White "Taube, Gregor"]
[Black "Liu, Bibek"]
[Result "1-0"]
[WhiteElo "1733"]
[BlackElo "1011"]
[PlyCount "93"]
[EventDate "2009.07.??"]
[EventType "swiss"]
[EventRounds "9"]
[EventCountry "NOR"]
[SourceDate "2009.07.06"]

1. e4 c5 2. Nf3 e6 3. c3 a6 4. d4 Qb6 5. Be2 Nc6 6. O-O Be7 7. a3 cxd4 8. cxd4
d6 9. Nc3 Qc7 10. Be3 b5 11. Rc1 Qb7 12. d5 Nd8 13. e5 Qb8 14. Bf4 Nb7 15. Nd4
Bd7 16. Nc6 Qc7 17. Nxe7 Nxe7 18. exd6 Qb8 19. Bg4 Ng6 20. Bg3 O-O 21. dxe6
fxe6 22. Re1 Qe8 23. Ne4 Rc8 24. Rc7 Nd8 25. Nc5 Rf7 26. Qb3 Nf8 27. Nxd7 Rxd7
28. Rxc8 Qf7 29. Bxe6 Ndxe6 30. Qxe6 Qxe6 31. Rxe6 Kf7 32. Re7+ Rxe7 33. dxe7
Kxe7 34. Bd6+ Kd7 35. Rxf8 Kxd6 36. Kf1 Kc5 37. Ke2 Kc4 38. b4 Kb3 39. Kd3 g5
40. Re8 g4 41. Re1 g3 42. hxg3 h5 43. Rb1+ Ka4 44. Kc3 h4 45. gxh4 a5 46. Re1
axb4+ 47. axb4 1-0

[Event "Landsturneringen 2009, Lilleputt"]
[Site "Bergen"]
[Date "2009.07.08"]
[Round "5"]
[White "Taube, Gregor"]
[Black "Tari, Aryan"]
[Result "1-0"]
[WhiteElo "1733"]
[BlackElo "1798"]
[PlyCount "81"]
[EventDate "2009.07.??"]
[EventType "swiss"]
[EventRounds "9"]
[EventCountry "NOR"]
[SourceDate "2009.07.06"]

1. e4 c5 2. Nf3 d6 3. d4 cxd4 4. Nxd4 Nf6 5. Nc3 a6 6. Bg5 e6 7. f4 Qc7 8. Qf3
Be7 9. O-O-O Nbd7 10. Bd3 b5 11. Rhe1 Bb7 12. Qg3 h6 13. Bxf6 gxf6 14. Qg7 Rf8
15. Nd5 exd5 16. exd5 Ne5 17. fxe5 fxe5 18. Nc6 Bxc6 19. dxc6 O-O-O 20. Kb1
Qxc6 21. c4 b4 22. Qxh6 Kc7 23. Qe3 Bf6 24. Rc1 Qc5 25. Qf3 Bh8 26. Red1 f5 27.
Qh3 e4 28. Be2 Bd4 29. g4 a5 30. gxf5 Rxf5 31. Rxd4 e3 32. Rd5 Qc6 33. Qxf5 Qd7
34. Qxd7+ Rxd7 35. Rcd1 a4 36. Rxd6 Rxd6 37. Rxd6 Kxd6 38. Kc2 Ke5 39. Kd3 b3
40. a3 Kf4 41. h3 1-0

[Event "Landsturneringen 2009, Lilleputt"]
[Site "Bergen"]
[Date "2009.07.04"]
[Round "6"]
[White "Andås, Kjetil"]
[Black "Hegelund, Bernhard"]
[Result "1-0"]
[WhiteElo "928"]
[BlackElo "919"]
[PlyCount "119"]
[EventDate "2009.07.??"]
[EventType "swiss"]
[EventRounds "9"]
[EventCountry "NOR"]
[SourceDate "2009.07.06"]

1. e4 c5 2. c3 d6 3. Nf3 a6 4. d4 cxd4 5. cxd4 Nf6 6. Nc3 g6 7. Be2 Bg7 8. O-O
Bg4 9. h3 Bxf3 10. Bxf3 Nc6 11. Be3 O-O 12. Rc1 Rc8 13. b3 b5 14. a3 Na5 15. d5
Nb7 16. b4 Nd7 17. Bd4 Ne5 18. Be2 e6 19. f4 Nc4 20. Bxg7 Kxg7 21. Bxc4 Rxc4
22. Qf3 Kg8 23. Ne2 Qb6+ 24. Kh1 Rfc8 25. Rxc4 Rxc4 26. Rc1 exd5 27. exd5 Rxc1+
28. Nxc1 Qd4 29. Ne2 Qa1+ 30. Kh2 Qf6 31. Qc3 Qe7 32. Qc2 Kg7 33. Qd3 Qd7 34.
Nd4 Nd8 35. Qc3 Kh6 36. Nc6 Qc7 37. Qc2 f5 38. Nd4 Qxc2 39. Nxc2 Nb7 40. Nd4
Kg7 41. Ne6+ Kf7 42. Nc7 a5 43. Nxb5 axb4 44. axb4 Ke7 45. g4 Kf6 46. g5+ Ke7
47. Kg3 Kf7 48. Kf3 Kf8 49. Ke3 Ke7 50. Nd4 Kd7 51. Ne6 Kc8 52. Nf8 Kc7 53. Kd4
Kb6 54. Kc4 Nd8 55. Nxh7 Ka6 56. Nf8 Kb6 57. Nxg6 Nf7 58. Ne7 Kb7 59. g6 Nh6
60. g7 1-0

[Event "Landsturneringen 2009, Lilleputt"]
[Site "Bergen"]
[Date "2009.07.09"]
[Round "6"]
[White "Friberg, Reid Erik"]
[Black "Machlik, Monika"]
[Result "1/2-1/2"]
[WhiteElo "1438"]
[BlackElo "1046"]
[PlyCount "91"]
[EventDate "2009.07.??"]
[EventType "swiss"]
[EventRounds "9"]
[EventCountry "NOR"]
[SourceDate "2009.07.06"]

1. c4 e5 2. g3 Nc6 3. Bg2 Nf6 4. Nc3 Bb4 5. Nd5 Nxd5 6. cxd5 Ne7 7. Nf3 Ng6 8.
a3 Be7 9. O-O d6 10. b4 Bf5 11. Bb2 Qd7 12. d4 Bf6 13. dxe5 Nxe5 14. Nxe5 Bxe5
15. Bxe5 dxe5 16. e4 Bg6 17. Qc2 O-O 18. Rac1 Rac8 19. Rfd1 Qd6 20. Bh3 Rb8 21.
Qxc7 Qxc7 22. Rxc7 Bxe4 23. d6 g6 24. d7 f5 25. Bf1 a6 26. Bc4+ Kh8 27. Be6
Rbd8 28. Rc8 Bc6 29. Rc1 Kg7 30. a4 Kf6 31. R1xc6 bxc6 32. Rxc6 Ke7 33. Rxa6
Ra8 34. Rc6 Rxa4 35. b5 Raa8 36. b6 Rab8 37. Kf1 Rb7 38. Rc8 Rd8 39. Rc6 Rbb8
40. Ke2 Rb7 41. Kd3 Rdxd7+ 42. Bxd7 Kxd7 43. Rf6 Ke7 44. Rc6 Kd7 45. Rf6 Ke7
46. Rc6 1/2-1/2

[Event "Landsturneringen 2009, Lilleputt"]
[Site "Bergen"]
[Date "2009.07.04"]
[Round "6"]
[White "Haug, Johannes"]
[Black "Taube, Gregor"]
[Result "0-1"]
[WhiteElo "1339"]
[BlackElo "1733"]
[PlyCount "30"]
[EventDate "2009.07.??"]
[EventType "swiss"]
[EventRounds "9"]
[EventCountry "NOR"]
[SourceDate "2009.07.06"]

1. e4 e5 2. Nf3 Nc6 3. Bb5 a6 4. Bxc6 dxc6 5. O-O Bd6 6. d3 Bg4 7. h3 Bh5 8.
Nc3 Ne7 9. Re1 O-O 10. Be3 c5 11. a4 Nc6 12. Nb1 Nd4 13. Nbd2 Qf6 14. Bg5 Nxf3+
15. Nxf3 Bxf3 0-1

[Event "Landsturneringen 2009, Lilleputt"]
[Site "Bergen"]
[Date "2009.07.04"]
[Round "6"]
[White "Mathisen, Viktor W"]
[Black "Jansen, Andreas"]
[Result "1-0"]
[WhiteElo "1185"]
[BlackElo "1334"]
[PlyCount "51"]
[EventDate "2009.07.??"]
[EventType "swiss"]
[EventRounds "9"]
[EventCountry "NOR"]
[SourceDate "2009.07.06"]

1. d4 Nf6 2. c4 g6 3. Nc3 Bg7 4. e4 d6 5. Nf3 O-O 6. Bd3 b6 7. Bg5 Bb7 8. d5 c6
9. O-O Nbd7 10. Qd2 Nc5 11. Bc2 cxd5 12. exd5 Qc7 13. Bh6 Ba6 14. Bxg7 Kxg7 15.
b3 Rac8 16. Rfe1 Rfe8 17. Ne4 Ncd7 18. Nd4 Nxe4 19. Rxe4 Nf6 20. Rh4 h5 21. Qg5
Rg8 22. Re1 Qd7 23. Nf5+ Kh8 24. Rxe7 Rce8 25. Qxf6+ Kh7 26. Qxf7+ 1-0

[Event "Landsturneringen 2009, Lilleputt"]
[Site "Bergen"]
[Date "2009.07.04"]
[Round "6"]
[White "Nilsen, Martin"]
[Black "Bøhler, Johannes Høva"]
[Result "1/2-1/2"]
[WhiteElo "956"]
[BlackElo "1107"]
[PlyCount "51"]
[EventDate "2009.07.??"]
[EventType "swiss"]
[EventRounds "9"]
[EventCountry "NOR"]
[SourceDate "2009.07.06"]

1. f4 e5 2. fxe5 d6 3. Nf3 Nc6 4. e4 dxe5 5. Bc4 Bc5 6. h3 Bd7 7. c3 Qe7 8. b4
Bb6 9. a4 a5 10. b5 Na7 11. Ba3 Qf6 12. d4 exd4 13. cxd4 Ne7 14. O-O Nac8 15.
Kh1 Qh6 16. Ng1 f6 17. e5 f5 18. d5 Bxg1 19. Kxg1 Qe3+ 20. Kh1 Qxe5 21. Ra2 Nd6
22. Re2 Ne4 23. Kg1 Kd8 24. Rf3 Ng6 25. Bb2 Qd6 26. Bxg7 1/2-1/2

[Event "Landsturneringen 2009, Lilleputt"]
[Site "Bergen"]
[Date "2009.07.04"]
[Round "6"]
[White "Rødsmoen, Maud"]
[Black "Aas, Flemming"]
[Result "1/2-1/2"]
[WhiteElo "926"]
[BlackElo "932"]
[PlyCount "126"]
[EventDate "2009.07.??"]
[EventType "swiss"]
[EventRounds "9"]
[EventCountry "NOR"]
[SourceDate "2009.07.06"]

1. e4 e5 2. Nf3 Nc6 3. Bb5 a6 4. Ba4 Nf6 5. O-O Bc5 6. d3 h6 7. Nc3 O-O 8. Be3
Nd4 9. Nxe5 d6 10. Bxd4 Bxd4 11. Nf3 Bxc3 12. bxc3 b5 13. Bb3 Be6 14. Nd4 Qd7
15. f4 c5 16. Nxe6 fxe6 17. f5 c4 18. dxc4 exf5 19. cxb5+ Kh8 20. exf5 axb5 21.
Be6 Qe8 22. Re1 Rd8 23. Rb1 Qc6 24. Qd3 Rb8 25. Red1 Rfd8 26. Bd5 Nxd5 27. Qxd5
Qxc3 28. Rxb5 Rxb5 29. Qxb5 Qxc2 30. Qb1 Qc5+ 31. Kh1 Qf2 32. a4 Qf4 33. Qb6
Re8 34. h3 Qxa4 35. Qxd6 Qe4 36. Qd5 Qf4 37. Qb5 Re5 38. Rf1 Qe4 39. Qb8+ Kh7
40. f6 Rf5 41. Rxf5 Qxf5 42. fxg7 Kxg7 43. Qc7+ Kg6 44. Qg3+ Kh7 45. Qh4 Qb1+
46. Kh2 Qb8+ 47. Qg3 Qf8 48. h4 Qe8 49. Kh3 Qd7+ 50. Kh2 Qe8 51. Qd3+ Kg7 52.
Qc3+ Kh7 53. Qb2 Qh5 54. Qb7+ Kh8 55. Kh3 Qf5+ 56. g4 Qd3+ 57. Kh2 Qe2+ 58. Qg2
Qe5+ 59. Kh3 Qe3+ 60. Qg3 Qe2 61. Qb8+ Kh7 62. Qc7+ Kh8 63. Qd8+ Kh7 1/2-1/2

[Event "Landsturneringen 2009, Lilleputt"]
[Site "Bergen"]
[Date "2009.07.10"]
[Round "7"]
[White "Aas, Flemming"]
[Black "Machlik, Edit"]
[Result "1/2-1/2"]
[WhiteElo "932"]
[BlackElo "902"]
[PlyCount "133"]
[EventDate "2009.07.??"]
[EventType "swiss"]
[EventRounds "9"]
[EventCountry "NOR"]
[SourceDate "2009.07.06"]

1. e4 c5 2. Nf3 d6 3. d3 Nc6 4. Nc3 e6 5. g3 Be7 6. Bg2 a6 7. Be3 b5 8. h3 Bf6
9. Rb1 Rb8 10. d4 Qa5 11. dxc5 Bxc3+ 12. bxc3 Qxc3+ 13. Nd2 dxc5 14. a4 Nb4 15.
Rb3 Qxc2 16. Qxc2 Nxc2+ 17. Kd1 Nxe3+ 18. fxe3 c4 19. Nxc4 Nf6 20. axb5 Bd7 21.
e5 Nd5 22. Bxd5 exd5 23. Nd6+ Ke7 24. e4 dxe4 25. Nxe4 Rxb5 26. Rxb5 axb5 27.
Nc3 Ke6 28. Re1 Re8 29. g4 b4 30. Na2 Rb8 31. Kd2 Bc6 32. Kc1 f6 33. exf6+ Kxf6
34. h4 b3 35. Nc3 Re8 36. Nd5+ Kf7 37. Rf1+ Kg8 38. Nc3 Bd7 39. g5 g6 40. Nd5
Kg7 41. Nf6 Rf8 42. Kb2 Be6 43. Re1 Bc4 44. Kc3 Bf7 45. Re7 Rc8+ 46. Kb2 Rc2+
47. Kb1 Rf2 48. Rb7 Rxf6 49. gxf6+ Kxf6 50. Rb6+ Be6 51. Kb2 h6 52. Kc3 g5 53.
hxg5+ hxg5 54. Kd3 Kf5 55. Ke3 g4 56. Rb5+ Kf6 57. Kf4 Kg6 58. Ke5 g3 59. Kf4
g2 60. Rg5+ Kf6 61. Rxg2 Bf7 62. Rf2 Ke6 63. Ke4 Bg6+ 64. Kd4 Bc2 65. Kc3 Kd5
66. Rxc2 bxc2 67. Kxc2 1/2-1/2

[Event "Landsturneringen 2009, Lilleputt"]
[Site "Bergen"]
[Date "2009.07.10"]
[Round "7"]
[White "Amarapala, Sherington"]
[Black "Eike, Mathias Brennhaugen"]
[Result "0-1"]
[WhiteElo "1148"]
[BlackElo "1156"]
[PlyCount "66"]
[EventDate "2009.07.??"]
[EventType "swiss"]
[EventRounds "9"]
[EventCountry "NOR"]
[SourceDate "2009.07.06"]

1. e4 e5 2. Nf3 Nc6 3. Bb5 Bc5 4. d3 d6 5. h3 Bd7 6. O-O Nf6 7. Bg5 h6 8. Bh4
a6 9. Ba4 b5 10. Bb3 Bb6 11. a3 Nd4 12. Ba2 Nxf3+ 13. Qxf3 g5 14. Bg3 g4 15.
Qe2 gxh3 16. Rd1 Bg4 17. Qd2 Bxd1 18. Qxd1 Rg8 19. Qf3 hxg2 20. Bh4 Rg6 21. Nc3
c6 22. Ne2 d5 23. Ng3 Qd6 24. Nf5 Qe6 25. exd5 cxd5 26. Ng7+ Rxg7 27. Bxf6 Rg6
28. Bxd5 Rxf6 29. Bxe6 Rxf3 30. Bd5 Rxf2 31. Bxa8 Rxc2+ 32. Kh2 g1=Q+ 33. Kh3
Rh2# 0-1

[Event "Landsturneringen 2009, Lilleputt"]
[Site "Bergen"]
[Date "2009.07.11"]
[Round "8"]
[White "Tari, Aryan"]
[Black "Machlik, Monika"]
[Result "1-0"]
[WhiteElo "1798"]
[BlackElo "1046"]
[PlyCount "55"]
[EventDate "2009.07.??"]
[EventType "swiss"]
[EventRounds "9"]
[EventCountry "NOR"]
[SourceDate "2009.07.06"]

1. e4 e5 2. Nf3 Nc6 3. Bb5 a6 4. Ba4 Nf6 5. O-O Be7 6. Re1 b5 7. Bb3 d6 8. c3
O-O 9. h3 h6 10. d4 exd4 11. cxd4 Re8 12. Be3 Bf8 13. Nbd2 Bb7 14. Bf4 Na5 15.
Bc2 c5 16. d5 Bc8 17. a3 Nb7 18. b4 c4 19. Nd4 Bd7 20. Qf3 Qc7 21. Bxh6 Nxd5
22. exd5 gxh6 23. Ne4 Bg7 24. Nf6+ Bxf6 25. Qxf6 Rxe1+ 26. Rxe1 Qd8 27. Qxh6 f6
28. Bh7+ 1-0

[Event "Landsturneringen 2009, Miniputt"]
[Site "Bergen"]
[Date "2009.07.06"]
[Round "3"]
[White "Berge, Sander Lange"]
[Black "Christiansen, Johan-Sebastian"]
[Result "1-0"]
[WhiteElo "1063"]
[BlackElo "694"]
[PlyCount "113"]
[EventDate "2009.07.??"]
[EventType "swiss"]
[EventRounds "9"]
[EventCountry "NOR"]
[SourceDate "2009.07.06"]

1. e4 c5 2. Nf3 Nc6 3. d4 cxd4 4. Nxd4 Nf6 5. Nc3 e5 6. Nxc6 bxc6 7. Bg5 Be7 8.
Qf3 O-O 9. Bc4 Re8 10. O-O Rb8 11. Rab1 Rb4 12. Bb3 Ba6 13. Rfe1 c5 14. Bxf6
Bxf6 15. Nd5 Rb8 16. Nxf6+ Qxf6 17. Qxf6 gxf6 18. Red1 Bb5 19. c4 Bc6 20. Bc2
Rb4 21. b3 a5 22. Rd6 Re6 23. Rxe6 fxe6 24. h3 a4 25. f3 a3 26. Rd1 Rb8 27. Rd6
Kf7 28. Bd1 Ke7 29. Rd2 Rf8 30. Re2 f5 31. exf5 Rxf5 32. Bc2 Rg5 33. Kf2 h5 34.
h4 Rg7 35. Rxe5 Rf7 36. Rxc5 Rf4 37. Rxh5 Rd4 38. Ke3 Rd6 39. c5 Rd5 40. Rxd5
Bxd5 41. Be4 Bxe4 42. Kxe4 Kf6 43. b4 e5 44. b5 Ke6 45. b6 d5+ 46. cxd6 Kxd6
47. h5 Kc6 48. Kxe5 Kxb6 49. h6 Kb5 50. h7 Kb4 51. h8=Q Kc3 52. Kd5+ Kc2 53.
Qd4 Kb1 54. Qf2 Kc1 55. Kc4 Kb1 56. Kb3 Ka1 57. Qe1# 1-0

[Event "Landsturneringen 2009, Miniputt"]
[Site "Bergen"]
[Date "2009.07.06"]
[Round "3"]
[White "Haldorsen, Benjamin"]
[Black "Hernæs, Andreas"]
[Result "1/2-1/2"]
[WhiteElo "1136"]
[BlackElo "916"]
[PlyCount "65"]
[EventDate "2009.07.??"]
[EventType "swiss"]
[EventRounds "9"]
[EventCountry "NOR"]
[SourceDate "2009.07.06"]

1. f4 d5 2. e3 Nf6 3. Nf3 Nc6 4. Bb5 Bd7 5. b3 e6 6. Bb2 a6 7. Bxc6 Bxc6 8. Ne5
Bd6 9. Nxc6 bxc6 10. O-O O-O 11. d3 Re8 12. Nd2 e5 13. f5 e4 14. dxe4 Nxe4 15.
Nxe4 Rxe4 16. f6 Rxe3 17. Qh5 Bc5 18. Kh1 g6 19. Qh6 Qf8 20. Qf4 Qc8 21. Rae1
Rxe1 22. Rxe1 Qd8 23. h3 Rb8 24. Be5 Bd6 25. Qh6 Qf8 26. Qxf8+ Kxf8 27. Bb2 Rb4
28. Bc1 Re4 29. Rxe4 dxe4 30. g4 Ke8 31. g5 Kd7 32. Be3 Ke6 33. Kg2 1/2-1/2